Precalculus: A concise course: (Record no. 6243)

000 -LEADER
fixed length control field 00457nam a2200145 4500
008 - FIXED-LENGTH DATA ELEMENTS--GENERAL INFORMATION
fixed length control field 150922b xxu||||| |||| 00| 0 eng d
020 ## - INTERNATIONAL STANDARD BOOK NUMBER
International Standard Book Number 9781439049082
050 ## - LIBRARY OF CONGRESS CALL NUMBER
Classification number QA 39.3.L372 2011
100 ## - MAIN ENTRY--PERSONAL NAME
Personal name Larson, Ron.
Dates associated with a name 2011
245 ## - TITLE STATEMENT
Title Precalculus: A concise course:
Statement of responsibility, etc. Ron, Larson
250 ## - EDITION STATEMENT
Edition statement 2nd ed.
260 ## - PUBLICATION, DISTRIBUTION, ETC. (IMPRINT)
Place of publication, distribution, etc. Japan:
Name of publisher, distributor, etc. Brooks,
Date of publication, distribution, etc. 2011.
300 ## - PHYSICAL DESCRIPTION
Extent x, 526(93) p. : ill.
Other physical details Includes index.
Dimensions 28cm.
942 ## - ADDED ENTRY ELEMENTS (KOHA)
Source of classification or shelving scheme
Koha item type Hard Covered Materials
Classification part QA 39.3.L372 2011
Koha issues (borrowed), all copies 2
Holdings
Withdrawn status Lost status Source of classification or shelving scheme Damaged status Not for loan Home library Current library Shelving location Date acquired Source of acquisition Total Checkouts Full call number Barcode Date last seen Price effective from Koha item type Date last checked out
          MACHAKOS UNIVERSITY LIBRARY MACHAKOS UNIVERSITY LIBRARY Technical section 22/09/2015 Donation (B.F.A)   QA 39.3.L372 2011 12259 08/03/2017 22/09/2015 Hard Covered Materials  
          MACHAKOS UNIVERSITY LIBRARY MACHAKOS UNIVERSITY LIBRARY Technical section 05/10/2015 DONATION (BFA)   QA 39.3 .L37 2011 13337 30/05/2019 05/10/2015 Hard Covered Materials  
          MACHAKOS UNIVERSITY LIBRARY MACHAKOS UNIVERSITY LIBRARY Technical section 27/10/2015 DONATION (BFA) 2 QA 39.3 .L37 2011 16937 21/03/2019 27/10/2015 Hard Covered Materials 21/03/2019
© Machakos University Library, Along The Highway, Machakos Wote Rd, Machakos, Kenya P.O. Box 136 - 90100 Machakos - Kenya

Tel: ( +254 ) 723 805829 OR Fax : 044-20353 OR Email: library@mksu.ac.ke